[Event "It"]
[Site "masterchessopen.com – Bayamo (Cuba)"]
[Round "0"]
[White "Garcia Martinez Silvino (CUB)"]
[Black "Sisniega Marcel (MEX)"]
[Result "1-0"]
[WhiteElo "2440"]
[BlackElo "2455"]

1.e4 c5 2.Nf3 Nc6 3.d4 cxd4 4.Nxd4 Nf6 5.Nc3 d6 6.Bg5 e6 7.Qd2 Be7 8.O-O-O O-O
9.f4 h6 10.Bxf6 Bxf6 11.Nxc6 bxc6 12.Qxd6 Qb6 13.Qd3 Rb8 14.b3 Qa5 15.e5 Be7
16.Kb1 Rb6 17.Qg3 Ba6 18.Rd7 Bb4 19.Na4 Be1 20.Qe3 Rb4 21.Bxa6 Rxa4 22.bxa4
Rb8+ 23.Rb7 Rxb7+ 24.Bxb7 Bc3 25.a3 c5 26.Ka2 {#r} 1-0

[Event "?"]
[Site "masterchessopen.com – Espoo (Finland)"]
[Round "0"]
[White "Ornstein Axel (SWE)"]
[Black "Nevanlinna Risto (FIN)"]
[Result "1-0"]
[WhiteElo "2450"]
[BlackElo "2252"]

1.e4 c5 2.Nf3 d6 3.d4 cxd4 4.Nxd4 Nf6 5.Nc3 Nc6 6.Bg5 e6 7.Qd2 Be7 8.O-O-O O-O
9.f4 h6 10.Bh4 Bd7 11.Nf3 Qa5 12.Kb1 Rfc8 13.Qe1 Be8 14.e5 dxe5 15.fxe5 Nh7
16.Bxe7 Nxe7 17.Nd5 Qxe1 18.Nxe7+ Kf8 19.Ng6+ fxg6 20.Rxe1 Ke7 21.Bd3 Nf8
22.h4 Nd7 23.c3 a5 24.Rh3 a4 25.a3 Ra5 26.Rg3 Rcc5 27.Bxg6 Bxg6+ 28.Rxg6 Kf7
29.Rg4 Rab5 30.Rxa4 Rxc3 31.Rf4+ Ke7 32.a4 Rbb3 33.Nd4 Re3 34.Ref1 Rb6 35.Rf7+
Ke8 36.a5 Rb4 37.Nc2 {#r} 1-0

[Event "Tournament"]
[Site "masterchessopen.com – Leningrad (Russia)"]
[Round "0"]
[White "Yuneev Alexey (RUS)"]
[Black "Aseev Konstantin N (RUS)"]
[Result "1-0"]
[WhiteElo "2425"]
[BlackElo "2511"]

1.e4 c5 2.Nf3 d6 3.d4 cxd4 4.Nxd4 Nf6 5.Nc3 Nc6 6.Bg5 e6 7.Qd2 Be7 8.O-O-O O-O
9.f4 h6 10.Bh4 Bd7 11.Nf3 Qa5 12.Kb1 Rfc8 13.g4 d5 14.e5 d4 15.Nxd4 Nxd4
16.exf6 Bc5 17.Bg2 Bc6 18.Ne4 Qxd2 19.Rxd2 Bb6 20.fxg7 f5 21.Nf6+ Kxg7 22.g5
hxg5 23.Bxg5 Nf3 24.Bxf3 Bxf3 25.Rd7+ Kg6 26.h4 Rh8 27.Rf1 Bd8 28.h5+ {#r} 1-0

[Event "Ch Bulgaria"]
[Site "masterchessopen.com – Pernik (Bulgaria)"]
[Round "9"]
[White "Lukov Valentin (BUL)"]
[Black "Kolev Atanas (BUL)"]
[Result "1-0"]
[WhiteElo "2465"]
[BlackElo "2591"]

1.e4 c5 2.Nf3 d6 3.d4 cxd4 4.Nxd4 Nf6 5.Nc3 Nc6 6.Bg5 e6 7.Qd2 Be7 8.O-O-O O-O
9.f4 h6 10.Bh4 e5 11.Nf5 Bxf5 12.exf5 exf4 13.Kb1 d5 14.Bxf6 Bxf6 15.Nxd5 Be5
16.Qf2 Qa5 17.Bc4 Rfe8 18.f6 Rad8 19.a3 Rd6 20.Bb3 Bxf6 21.Qxf4 Be5 22.Qf2 Qd8
23.Rhf1 Rf8 24.h4 b6 25.g4 Ne7 26.Nxe7+ Qxe7 27.Rxd6 Bxd6 28.g5 hxg5 29.hxg5
g6 30.Qh4 Be5 31.Rh1 Rd8 32.Qh7+ Kf8 33.Rf1 Rd7 34.Rxf7+ Qxf7 35.Bxf7 Rxf7
36.Qxg6 {#r} 1-0

[Event "Ch Belarus"]
[Site "masterchessopen.com – Belarus"]
[Round "8"]
[White "Kovalev Andrei (BLR)"]
[Black "Smirin Ilia (ISR)"]
[Result "1-0"]
[WhiteElo "2513"]
[BlackElo "2678"]

1.e4 c5 2.Nf3 d6 3.d4 cxd4 4.Nxd4 Nf6 5.Nc3 Nc6 6.Bg5 e6 7.Qd2 Be7 8.O-O-O O-O
9.f4 h6 10.Bh4 Bd7 11.Nf3 Qa5 12.Kb1 Rfc8 13.Bd3 b5 14.g4 b4 15.Ne2 Nxg4
16.Be1 d5 17.e5 Bc5 18.Nc1 Qb6 19.Nb3 Bf2 20.Rf1 Bxe1 21.Rdxe1 a5 22.h3 a4
23.Nc1 b3 24.hxg4 Nb4 25.c3 bxa2+ 26.Ka1 Nc6 27.Qf2 Qb8 28.Nd4 a3 29.b3 Nxd4
30.Qxd4 Ra4 31.b4 Bb5 32.Nb3 Bc4 33.Bxc4 Rxc4 34.Qd3 Qb5 35.Nd4 Qa6 36.Rf3 Qc8
37.Kxa2 {#r} 1-0

[Event "Memorial Dr. Lang (a)"]
[Site "masterchessopen.com – Brno (Czech Republic)"]
[Round "1"]
[White "Haba Petr (CZE)"]
[Black "Levacic Damir (FRA)"]
[Result "0-1"]
[WhiteElo "2502"]
[BlackElo "2260"]

1.e4 c5 2.Nf3 Nc6 3.d4 cxd4 4.Nxd4 Nf6 5.Nc3 d6 6.Bg5 e6 7.Qd2 Be7 8.O-O-O O-O
9.f4 h6 10.Bh4 Bd7 11.Nf3 Qa5 12.Kb1 Rfc8 13.Qe1 Nb4 14.Bd3 Rxc3 15.Qxc3 Qxa2+
16.Kc1 d5 17.Bxf6 gxf6 18.Nd4 Rc8 19.Qb3 Nxd3+ 20.Qxd3 dxe4 21.Qb3 Qa1+ 22.Kd2
Qa5+ 23.Kc1 e5 24.Ne2 Bg4 25.Nc3 Bxd1 26.Rxd1 Qa1+ 27.Kd2 Rd8+ 28.Nd5 Qa6
29.Ke1 Kf8 30.f5 Qc6 31.c4 a6 32.Qe3 Ke8 33.b3 b5 34.Qxh6 Rd6 35.Qh8+ Bf8
36.Qh4 bxc4 37.bxc4 Qxc4 38.Ne3 Qc3+ 39.Ke2 Rxd1 40.Nxd1 Qd3+ {#R} 0-1

[Event "?"]
[Site "masterchessopen.com – Iasi (Romania)"]
[Round "0"]
[White "Sokolowski Stanislaw (POL)"]
[Black "Utasi Tamas (HUN)"]
[Result "0-1"]
[WhiteElo "2265"]
[BlackElo "2350"]

1.e4 c5 2.Nf3 Nc6 3.d4 cxd4 4.Nxd4 Nf6 5.Nc3 d6 6.Bg5 e6 7.Qd2 Be7 8.O-O-O O-O
9.f4 h6 10.Bh4 Bd7 11.Nf3 Qa5 12.e5 dxe5 13.Bxf6 Bxf6 14.Qxd7 exf4 15.Qxb7
Bxc3 16.Qxc6 Bxb2+ 17.Kxb2 Rab8+ 18.Bb5 Rxb5+ 19.Ka1 Rc5 20.Qe4 Qc3+ 21.Kb1
Rb8+ 22.Kc1 Rcb5 {#R} 0-1

[Event "Memorial A.Kotov"]
[Site "masterchessopen.com – Leningrad (Russia)"]
[Round "0"]
[White "Maki Veijo (FIN)"]
[Black "Salov Valery (RUS)"]
[Result "1-0"]
[WhiteElo "2380"]
[BlackElo "2440"]

1.e4 c5 2.Nf3 Nc6 3.d4 cxd4 4.Nxd4 Nf6 5.Nc3 d6 6.Bg5 e6 7.Qd2 Be7 8.O-O-O O-O
9.f4 h6 10.Bh4 e5 11.Nf5 Bxf5 12.exf5 exf4 13.Kb1 d5 14.Qxf4 d4 15.Bxf6 Bxf6
16.Ne4 Rc8 17.Bc4 Bg5 18.Nxg5 hxg5 19.Qg3 Qf6 20.h4 g4 21.Bb3 Qxf5 22.Rhf1 Qh5
23.Rf4 Rce8 24.Rxg4 Kh8 25.c3 Re3 26.Qf4 Qh7+ 27.Kc1 Ne5 28.Bc2 d3 29.Qxe3
dxc2 30.Rdd4 Nxg4 31.Rxg4 Rd8 32.Rd4 Rxd4 33.Qe8+ Qg8 34.Qxg8+ Kxg8 35.cxd4 f5
36.Kxc2 Kf7 37.Kd3 Ke6 38.Ke3 {#r} 1-0

[Event "It"]
[Site "masterchessopen.com – New Delhi (India)"]
[Round "0"]
[White "Mithrakanth Poorna Sharma (IND)"]
[Black "Thipsay Praveen M (IND)"]
[Result "0-1"]
[WhiteElo "2345"]
[BlackElo "2445"]

1.e4 c5 2.Nf3 d6 3.d4 cxd4 4.Nxd4 Nf6 5.Nc3 Nc6 6.Bg5 e6 7.Qd2 Be7 8.O-O-O O-O
9.f4 h6 10.h4 Nxd4 11.Qxd4 hxg5 12.hxg5 Ng4 13.e5 Bxg5 14.fxg5 Qxg5+ 15.Kb1
dxe5 16.Qd6 Nh6 17.Ne4 Qg6 18.Qxe5 f6 19.Qd6 Qxe4 20.Rxh6 gxh6 21.Qg3+ Kh8
22.Bd3 Qe5 23.Qg6 f5 24.Rh1 Qg7 25.Rxh6+ Kg8 26.Qh5 Rf6 27.Qe8+ Qf8 {#R} 0-1

[Event "It"]
[Site "masterchessopen.com – Nuoro (Italy)"]
[Round "0"]
[White "Cocozza Mario (ITA)"]
[Black "Arlandi Ennio (ITA)"]
[Result "0-1"]
[WhiteElo "2365"]
[BlackElo "2325"]

1.e4 c5 2.Nf3 d6 3.d4 cxd4 4.Nxd4 Nf6 5.Nc3 Nc6 6.Bg5 e6 7.Qd2 Be7 8.O-O-O O-O
9.f4 h6 10.Bh4 e5 11.Nf5 Bxf5 12.exf5 exf4 13.Qxf4 Qa5 14.Kb1 Rac8 15.Be1 Qc7
16.Bc4 Na5 17.Bb3 Nxb3 18.cxb3 Qc6 19.Bd2 Rfe8 20.Rhe1 Bf8 21.g4 Rxe1 22.Rxe1
Re8 23.Rxe8 Qxe8 24.h4 Qc6 25.a3 Qh1+ 26.Kc2 Qxh4 27.g5 hxg5 28.Qxg5 Qf2
29.Qf4 Qg2 30.b4 Qc6 31.b5 Qc8 32.Kb3 Nd7 33.Ka2 Ne5 34.Be3 b6 35.Bd4 Nd3
36.Qg4 Qc4+ 37.Kb1 Ne5 38.Qf4 Qd3+ 39.Ka2 Nc4 40.f6 Qd2 41.Qxd2 Nxd2 42.Nd5
Ne4 43.fxg7 Bxg7 44.Ne7+ Kf8 45.Bxg7+ Kxe7 {#R} 0-1

[Event "It (open)"]
[Site "masterchessopen.com – Reykjavik (Iceland)"]
[Round "0"]
[White "Byrne Robert E (USA)"]
[Black "Thorsteins Karl (ISL)"]
[Result "0-1"]
[WhiteElo "2510"]
[BlackElo "2375"]

1.e4 c5 2.Nf3 Nc6 3.d4 cxd4 4.Nxd4 Nf6 5.Nc3 d6 6.Bg5 e6 7.Qd2 Be7 8.O-O-O O-O
9.f4 h6 10.Bh4 e5 11.Nf5 Bxf5 12.exf5 exf4 13.Qxf4 d5 14.Bb5 a6 15.Ba4 b5
16.Bb3 d4 17.Bxf6 Bxf6 18.Ne4 Be5 19.Qf3 a5 20.a4 bxa4 21.Bxa4 Qb6 22.Nd2 Nb4
23.Nc4 Qc5 24.Nxe5 Qxe5 25.f6 d3 26.cxd3 Rfc8+ 27.Kb1 Qe6 28.b3 Nd5 29.Rde1
Nc3+ 30.Kb2 Nxa4+ 31.bxa4 Rab8+ 32.Ka1 Qb3 {#R} 0-1

[Event "It (cat.12)"]
[Site "masterchessopen.com – Titograd (Yugoslavia)"]
[Round "0"]
[White "Marjanovic Slavoljub (SRB)"]
[Black "Popovic Petar (SRB)"]
[Result "0-1"]
[WhiteElo "2515"]
[BlackElo "2525"]

1.e4 c5 2.Nf3 d6 3.d4 cxd4 4.Nxd4 Nf6 5.Nc3 Nc6 6.Bg5 e6 7.Qd2 Be7 8.O-O-O O-O
9.f4 h6 10.Bxf6 Bxf6 11.Nxc6 bxc6 12.Qxd6 Qb6 13.Qd3 e5 14.f5 a5 15.Na4 Qa7
16.Qc3 Rb8 17.a3 Be7 18.h4 Bd7 19.Bc4 c5 20.Bb3 c4 21.Rxd7 Qxd7 22.Qxc4 Qa7
23.Qe2 Rfd8 24.g3 Rd4 25.Rf1 Bxa3 26.f6 Rxa4 27.bxa3 Rxa3 28.Kb1 a4 29.Qf2
axb3 {#R} 0-1

[Event "?"]
[Site "masterchessopen.com – URS"]
[Round "0"]
[White "Kovalev Andrei (BLR)"]
[Black "Smirin Ilia (ISR)"]
[Result "1-0"]
[WhiteElo "2513"]
[BlackElo "2678"]

1.e4 c5 2.Nf3 d6 3.d4 cxd4 4.Nxd4 Nf6 5.Nc3 Nc6 6.Bg5 e6 7.Qd2 Be7 8.O-O-O O-O
9.f4 h6 10.Bh4 Bd7 11.Nf3 Qa5 12.Kb1 Rfc8 13.g4 b5 14.Bd3 b4 15.Ne2 Nxg4
16.Be1 d5 17.e5 Bc5 18.Nc1 Qb6 19.Nb3 Bf2 20.Rf1 Bxe1 21.Rdxe1 a5 22.h3 a4
23.Nc1 b3 24.hxg4 Nb4 25.c3 bxa2+ 26.Ka1 Nc6 27.Qf2 Qb8 28.Nd4 a3 29.b3 Nxd4
30.Qxd4 Ra4 31.b4 Bb5 32.Nb3 Bc4 33.Bxc4 Rxc4 34.Qd3 Qb5 35.Nd4 Qa6 36.Rf3 Qc8
37.Kxa2 {#r} 1-0

[Event "Memorial T.Petrosian"]
[Site "masterchessopen.com – Yerevan (Armenia)"]
[Round "0"]
[White "Prandstetter Eduard (CZE)"]
[Black "Kupreichik Viktor D (BLR)"]
[Result "1-0"]
[WhiteElo "2445"]
[BlackElo "2480"]

1.e4 c5 2.Nf3 d6 3.d4 cxd4 4.Nxd4 Nf6 5.Nc3 Nc6 6.Bg5 e6 7.Qd2 Be7 8.O-O-O O-O
9.f4 h6 10.Bh4 d5 11.e5 Nd7 12.Bf2 Nb6 13.Kb1 Bd7 14.g4 Na5 15.Qe2 Rc8 16.Rd3
Nac4 17.Nd1 Na4 18.g5 Nc5 19.Rh3 Ne4 20.Rg1 Bc5 21.Nb3 Bxf2 22.Nxf2 Qb6
23.Nxe4 dxe4 24.Rhg3 Rfd8 25.gxh6 g6 26.Qh5 Be8 27.Bxc4 Qc7 28.h7+ Kh8 29.Qh4
{#r} 1-0

[Event "?"]
[Site "masterchessopen.com – China/Philippines"]
[Round "0"]
[White "Ye Jiangchuan (CHN)"]
[Black "Ma Hongding (CHN)"]
[Result "0-1"]
[WhiteElo "2465"]
[BlackElo "2271"]

1.e4 c5 2.Nf3 Nc6 3.d4 cxd4 4.Nxd4 Nf6 5.Nc3 d6 6.Bg5 e6 7.Qd2 Be7 8.O-O-O O-O
9.f4 h6 10.Bh4 e5 11.Nf5 Bxf5 12.exf5 exf4 13.Kb1 d5 14.Qxf4 d4 15.Bxf6 Bxf6
16.Ne4 Be5 17.Qf3 Rc8 18.a3 b5 19.g4 b4 20.a4 d3 21.Qxd3 Nd4 22.Rd2 Qa5 23.Qa6
Qc7 24.Bd3 Rfd8 25.Rf1 Rd5 26.Bb5 Nxb5 27.Qxc8+ Qxc8 28.Rxd5 Qc4 29.Rfd1 b3
30.R1d3 Qxc2+ {#R} 0-1

[Event "Ch Netherlands (open)"]
[Site "masterchessopen.com – Dieren (Netherlands)"]
[Round "3"]
[White "Nijboer Friso (NED)"]
[Black "Cmiel Thorsten (GER)"]
[Result "1-0"]
[WhiteElo "2545"]
[BlackElo "2250"]

1.e4 c5 2.Nf3 Nc6 3.d4 cxd4 4.Nxd4 Nf6 5.Nc3 d6 6.Bg5 e6 7.Qd2 Be7 8.O-O-O O-O
9.f4 h6 10.Bh4 Bd7 11.Nf3 Qa5 12.Kb1 Rfd8 13.Bd3 Rac8 14.g4 b5 15.Rhg1 b4
16.Ne2 d5 17.Bxf6 Bxf6 18.e5 Be7 19.Nc1 Qb6 20.g5 hxg5 21.Nxg5 Bxg5 22.Rxg5
Be8 23.h4 Kf8 24.Rdg1 g6 25.h5 gxh5 26.f5 Ke7 27.fxe6 Nd4 28.exf7 Bxf7 29.Qf4
Rg8 30.Rf1 Be6 31.Rxh5 Kd7 32.Rh7+ Kc6 33.Rh4 {#r} 1-0

[Event "It (open)"]
[Site "masterchessopen.com – Greece"]
[Round "0"]
[White "Alexakis Dimitrios (GRE)"]
[Black "Lirindzakis Timotheos (GRE)"]
[Result "1-0"]
[WhiteElo "2182"]
[BlackElo "2330"]

1.e4 c5 2.Nf3 Nc6 3.d4 cxd4 4.Nxd4 Nf6 5.Nc3 d6 6.Bg5 e6 7.Qd2 Be7 8.O-O-O O-O
9.f4 h6 10.Bh4 e5 11.Nf3 Nxe4 12.Nxe4 Bxh4 13.Nxd6 Bf6 14.Bc4 Bg4 15.Qf2 Qc7
16.Ne4 Be7 17.fxe5 Nxe5 18.Nxe5 Qxe5 19.Rde1 b5 20.Bd3 Be6 21.h4 b4 22.Rhg1
Qa5 23.g4 Rfd8 24.g5 hxg5 25.Nxg5 Rxd3 26.Nxe6 fxe6 27.cxd3 b3 28.Qd4 Rc8+
29.Kd1 Qh5+ 30.Re2 Bf8 31.axb3 Qa5 32.Qa4 Qd5 33.Qe4 Qa5 34.Qxe6+ Kh8 35.Qxc8
Qa1+ 36.Qc1 {#r} 1-0

[Event "It (cat.8)"]
[Site "masterchessopen.com – Habana (Cuba)"]
[Round "6"]
[White "Gufeld Eduard (USA)"]
[Black "Utasi Tamas (HUN)"]
[Result "1-0"]
[WhiteElo "2470"]
[BlackElo "2485"]

1.e4 c5 2.Nf3 Nc6 3.d4 cxd4 4.Nxd4 Nf6 5.Nc3 d6 6.Bg5 e6 7.Qd2 Be7 8.O-O-O O-O
9.f4 h6 10.Bh4 Bd7 11.Nf3 Qa5 12.Kb1 Rfd8 13.Bd3 b5 14.Rhg1 b4 15.Ne2 e5 16.g4
Be6 17.b3 d5 18.Bxf6 Bxf6 19.g5 hxg5 20.fxg5 Be7 21.g6 dxe4 22.gxf7+ Bxf7
23.Qh6 {#r} 1-0

[Event "It (open)"]
[Site "masterchessopen.com – Kecskemet (Hungary)"]
[Round "2"]
[White "Horvath Jozsef_ (HUN)"]
[Black "Feher Gyula (HUN)"]
[Result "0-1"]
[WhiteElo "2465"]
[BlackElo "2334"]

1.e4 c5 2.Nf3 Nc6 3.d4 cxd4 4.Nxd4 Nf6 5.Nc3 d6 6.Bg5 e6 7.Qd2 Be7 8.O-O-O O-O
9.f4 h6 10.Bh4 e5 11.Nf5 Bxf5 12.exf5 exf4 13.Kb1 d5 14.Bxf6 Bxf6 15.Nxd5 Be5
16.Bc4 Qd6 17.Rhe1 Rfe8 18.Re4 Kf8 19.Qe1 Rad8 20.Rd3 Bd4 21.c3 Qc5 22.b3 Bf2
23.Qe2 Rxe4 24.Qxe4 Re8 25.Qxf4 Re1+ 26.Kb2 Re2+ 27.Kb1 Qa3 {#R} 0-1

[Event "It (open)"]
[Site "masterchessopen.com – San Bernadino Brocco (Switzerland)"]
[Round "0"]
[White "Gruenfeld Yehuda (ISR)"]
[Black "Korchnoi Viktor (SUI)"]
[Result "0-1"]
[WhiteElo "2475"]
[BlackElo "2630"]

1.e4 c5 2.Nf3 d6 3.d4 cxd4 4.Nxd4 Nf6 5.Nc3 Nc6 6.Bg5 e6 7.Qd2 Be7 8.O-O-O O-O
9.f4 h6 10.Bh4 e5 11.Nf5 Bxf5 12.exf5 exf4 13.Kb1 d5 14.Bxf6 Bxf6 15.Nxd5 Be5
16.Bc4 Qd6 17.c3 Na5 18.Bb3 Nxb3 19.axb3 Rfe8 20.Rhf1 Qc6 21.Rf3 a5 22.Qc2 a4
23.bxa4 Rxa4 24.Nb4 Qb5 25.Qd3 Qa5 26.Kc2 Bxc3 27.bxc3 Rxb4 28.cxb4 Qa2+
29.Kc3 Rc8+ 30.Kd4 Rd8+ 31.Ke4 Rxd3 32.Rdxd3 Qe2+ 33.Kxf4 Qxg2 34.h4 Qb2
35.Rb3 Qh2+ 36.Kg4 Qg2+ 37.Kf4 f6 38.Rbd3 Qh2+ 39.Kg4 Kh7 40.Rd7 h5+ 41.Kxh5
Qg2 42.Rf4 Qe2+ {#R} 0-1

[Event "?"]
[Site "masterchessopen.com – URS"]
[Round "0"]
[White "Ivanchuk Vassily (UKR)"]
[Black "Smirin Ilia (ISR)"]
[Result "1-0"]
[WhiteElo "2765"]
[BlackElo "2678"]

1.e4 c5 2.Nf3 d6 3.d4 cxd4 4.Nxd4 Nf6 5.Nc3 Nc6 6.Bg5 e6 7.Qd2 Be7 8.O-O-O O-O
9.f4 h6 10.Bh4 Bd7 11.Nf3 Qa5 12.Kb1 Rfc8 13.g4 b5 14.Bd3 b4 15.Nb5 Rab8
16.Bxf6 Bxf6 17.Nxd6 Bc3 18.Qe2 b3 19.cxb3 Nb4 20.bxc3 Rxc3 21.Nd4 e5 22.Nc4
Rxc4 23.Bxc4 Bxg4 24.Qg2 Bxd1 25.Rxd1 exd4 26.Rg1 g5 27.fxg5 hxg5 28.Rf1 Rb7
29.Rf5 Qb6 30.Rxg5+ Kf8 31.Rg8+ Ke7 32.Qg5+ Kd7 33.Qf5+ {#r} 1-0

[Event "It"]
[Site "masterchessopen.com – Zenica (Bosnia & Herzegovina)"]
[Round "0"]
[White "Sznapik Aleksander (POL)"]
[Black "Subasic Ilijas (BIH)"]
[Result "0-1"]
[WhiteElo "2465"]
[BlackElo "2279"]

1.e4 c5 2.Nf3 Nc6 3.d4 cxd4 4.Nxd4 Nf6 5.Nc3 d6 6.Bg5 e6 7.Qd2 Be7 8.O-O-O O-O
9.f4 h6 10.Bh4 d5 11.exd5 exd5 12.Nb3 a5 13.a4 Nb4 14.Bxf6 Bxf6 15.Nxd5 Bg4
16.Be2 Bxe2 17.Nxf6+ Qxf6 18.Qxe2 Rac8 19.Rd2 Qxf4 20.Kb1 b6 21.g3 Qf5 22.Rf1
Qg6 23.Nd4 Rfe8 24.Qf2 Rc5 25.g4 Re4 26.Nf5 Qe6 27.b3 Nxc2 28.Kb2 Qf6+ 29.Ka2
Nb4+ 30.Ka3 Rxg4 31.Qf3 {#R} 0-1

[Event "It"]
[Site "masterchessopen.com – Myslowice (Poland)"]
[Round "1"]
[White "Mencinger Vojko (SLO)"]
[Black "Deze Anton (YUG)"]
[Result "0-1"]
[WhiteElo "2379"]
[BlackElo "2405"]

1.e4 c5 2.Nf3 Nc6 3.d4 cxd4 4.Nxd4 Nf6 5.Nc3 d6 6.Bg5 e6 7.Qd2 Be7 8.O-O-O O-O
9.f4 h6 10.Bh4 e5 11.Nf5 Bxf5 12.exf5 exf4 13.Kb1 d5 14.Bxf6 Bxf6 15.Nxd5 Be5
16.Qc1 Qa5 17.Bc4 Qc5 18.Bb3 a5 19.c3 a4 20.Bc2 a3 21.b4 Qa7 22.g3 Rfd8 23.b5
Qc5 24.gxf4 Rxd5 25.Rxd5 Qxd5 26.fxe5 Qxb5+ 27.Bb3 Qxe5 28.Rf1 Qf6 29.Rf4 Ra5
30.Ka1 Rc5 31.Rf3 Rxf5 32.Rxf5 Qxf5 33.Qxa3 Qf1+ 34.Kb2 Qf2+ 35.Bc2 Qxh2
36.Qa8+ Qb8 37.Qxb8+ Nxb8 38.Be4 b6 39.Kb3 Kf8 40.Kb4 Ke7 41.Kb5 Nd7 42.Kc6 g6
43.Kc7 {#R} 0-1

[Event "It (b)"]
[Site "masterchessopen.com – Reggio Emilia (Italy)"]
[Date "1985.12.30"]
[Round "4"]
[White "Popovych Orest (USA)"]
[Black "Mantovani Renzo (ITA)"]
[Result "1-0"]
[WhiteElo "2244"]
[BlackElo "2346"]

1.e4 c5 2.Nf3 Nc6 3.d4 cxd4 4.Nxd4 Nf6 5.Nc3 d6 6.Bg5 e6 7.Qd2 Be7 8.O-O-O O-O
9.f4 h6 10.Bh4 a6 11.e5 Nd5 12.Nxc6 bxc6 13.Bxe7 Qxe7 14.Ne4 dxe5 15.fxe5 a5
16.c4 Nb4 17.a3 Na6 18.Qxa5 Bb7 19.h4 Rfb8 20.Nd6 c5 21.Qc3 Bc6 22.Bd3 Rb6
23.Bc2 Rab8 24.Qd3 g6 25.Rdf1 Be8 26.b3 Rd8 27.Rd1 Rdb8 28.Qg3 h5 29.Rhf1 Rd8
30.Ne4 Rd4 31.Nf6+ Kf8 32.Qg5 Qc7 33.Bxg6 Ba4 34.Nh7+ Ke8 35.Rxd4 cxd4 36.Rxf7
{#r} 1-0

[Event "Tournament"]
[Site "masterchessopen.com – Athens (Greece)"]
[Round "0"]
[White "Gazis Efstathios (GRE)"]
[Black "Frandzeskakis Kiriakos (GRE)"]
[Result "0-1"]
[WhiteElo "2306"]
[BlackElo "2110"]

1.e4 c5 2.Nf3 Nc6 3.d4 cxd4 4.Nxd4 Nf6 5.Nc3 d6 6.Bg5 e6 7.Qd2 Be7 8.O-O-O O-O
9.f4 h6 10.Bxf6 Bxf6 11.Nxc6 bxc6 12.Qxd6 Qb6 13.Qd2 e5 14.Na4 Qb8 15.g3 Bg4
16.Re1 Rd8 17.Bd3 Qd6 18.Qa5 Qd4 19.f5 Bg5+ 20.Kb1 Rab8 21.b3 Be7 22.Ref1 Bb4
23.Qa6 Bh3 24.Rd1 Qe3 25.c3 Be7 26.Rhe1 Qf2 27.Qc4 Bg4 28.Rf1 Qe3 29.Rfe1 Qf2
30.Rc1 Ba3 31.Rf1 Qd2 32.Bc2 Bxc1 33.Rxc1 Be2 34.Qc5 Bd3 35.Qxe5 Re8 36.Qc7
Bxc2+ 37.Rxc2 Qe1+ 38.Kb2 Qxe4 39.f6 Qxa4 40.Qd7 Qb5 41.fxg7 Kxg7 42.h4 Re6
{#R} 0-1

[Event "Tournament"]
[Site "masterchessopen.com – Hamburg (Germany)"]
[Round "0"]
[White "Sommerfeld Armin (GER)"]
[Black "Michaelsen Nils (GER)"]
[Result "0-1"]
[WhiteElo "2224"]
[BlackElo "2412"]

1.e4 c5 2.Nf3 Nc6 3.d4 cxd4 4.Nxd4 Nf6 5.Nc3 d6 6.Bg5 e6 7.Qd2 Be7 8.O-O-O O-O
9.f4 h6 10.Bh4 e5 11.Nf5 Bxf5 12.exf5 exf4 13.Qxf4 d5 14.Bf2 Rc8 15.Be2 Bb4
16.Nb1 Bd6 17.Qa4 a6 18.Nd2 Qc7 19.Kb1 b5 20.Qb3 Rfe8 21.Rhe1 Bf4 22.Nf1 Be5
23.Bf3 a5 24.Bxd5 a4 25.Qxb5 Nb4 26.Bxf7+ Kxf7 27.Qxb4 Qxc2+ 28.Ka1 Rb8 29.Bb6
Nd5 30.Qb5 Rxb6 31.Qxd5+ Kf8 {#R} 0-1

[Event "?"]
[Site "masterchessopen.com – Jakarta (Indonesia)"]
[Round "0"]
[White "Marjanovic Slavoljub (SRB)"]
[Black "Popovic Djordje (SRB)"]
[Result "0-1"]
[WhiteElo "2515"]
[BlackElo "2261"]

1.e4 c5 2.Nf3 d6 3.d4 cxd4 4.Nxd4 Nf6 5.Nc3 Nc6 6.Bg5 e6 7.Qd2 Be7 8.O-O-O O-O
9.f4 h6 10.Bh4 e5 11.Nf5 Bxf5 12.exf5 exf4 13.Kb1 d5 14.Bxf6 Bxf6 15.Nxd5 Be5
16.Bc4 b5 17.Bxb5 Rb8 18.c4 Nd4 19.Rhe1 f6 20.a4 a6 21.Bxa6 Rb3 22.Bb5 Qa8
23.Nb6 Qa7 24.c5 Kh8 25.Bc4 Rxb6 26.cxb6 Qxa4 27.Re4 Nb3 28.Qd5 Qa1+ 29.Kc2
Qxb2+ 30.Kd3 Nc1+ 31.Rxc1 Qxc1 32.Bb3 Qf1+ 33.Re2 Rc8 34.Bc4 Qb1+ 35.Rc2 Qxb6
36.Ra2 Qe3+ {#R} 0-1

[Event "?"]
[Site "masterchessopen.com – Leningrad (Russia)"]
[Round "0"]
[White "Agapov K (RUS)"]
[Black "Ivanov Sergey_ (RUS)"]
[Result "1-0"]
[WhiteElo "2395"]
[BlackElo "2537"]

1.e4 c5 2.Nf3 Nc6 3.d4 cxd4 4.Nxd4 Nf6 5.Nc3 d6 6.Bg5 e6 7.Qd2 Be7 8.O-O-O O-O
9.f4 h6 10.Bh4 Bd7 11.Ndb5 Nxe4 12.Nxe4 Bxh4 13.Nbxd6 Rb8 14.g3 Bf6 15.g4 Bd4
16.c3 f5 17.gxf5 exf5 18.Bc4+ Kh8 19.Nf7+ Rxf7 20.Bxf7 fxe4 21.cxd4 Bf5 22.Qe3
Nb4 23.Kb1 Nd3 24.Rhg1 Qb6 25.Rxd3 exd3 26.Qe5 d2+ 27.Qxf5 Qxd4 28.Qg4 Qe4+
29.Ka1 Qe1+ 30.Qd1 Qf2 31.Bg6 Rd8 32.Bc2 Re8 33.Bb1 Kg8 34.Qb3+ Kf8 35.Rd1 Rd8
36.Qb4+ Kg8 37.Qc4+ Kf8 38.Bg6 Rd7 39.Qe6 Qe1 40.Rxe1 dxe1=Q+ 41.Qxe1 {#r} 1-0

[Event "?"]
[Site "masterchessopen.com – Riga (Latvia)"]
[Round "0"]
[White "Kveinys Aloyzas (LTU)"]
[Black "Lutsko Igor (BLR)"]
[Result "1-0"]
[WhiteElo "2512"]
[BlackElo "2345"]

1.e4 c5 2.Nf3 d6 3.d4 cxd4 4.Nxd4 Nf6 5.Nc3 Nc6 6.Bg5 e6 7.Qd2 Be7 8.O-O-O O-O
9.f4 h6 10.Bh4 Bd7 11.Nb3 Nxe4 12.Nxe4 Bxh4 13.Nxd6 Bc8 14.Qe3 Nb4 15.Bc4 Qc7
16.Qc5 Qxc5 17.Nxc5 b6 18.Nce4 Be7 19.a3 Nc6 20.Bb5 Nb8 21.Rhe1 Bxd6 22.Nxd6
Bd7 23.Bc4 g6 24.g4 Bc6 25.f5 Bf3 26.fxe6 fxe6 27.Rd3 Nc6 28.Bxe6+ Kg7 29.Rxf3
Rxf3 30.Bd5 Raf8 31.Bxc6 Rf1 32.Ne8+ Kh7 33.Kd2 R8f2+ 34.Re2 Rxe2+ 35.Kxe2 Rf4
36.Bf3 Kg8 37.Ke3 Rf8 38.Nd6 Rd8 39.Nb5 Rd7 40.c4 Kf7 41.b4 a6 42.Nd4 Kf6
43.c5 {#r} 1-0

[Event "It"]
[Site "masterchessopen.com – Brussels (Belgium)"]
[Round "5"]
[White "Karpov Anatoly (RUS)"]
[Black "Larsen Bent (DEN)"]
[Result "1-0"]
[WhiteElo "2700"]
[BlackElo "2570"]

1.e4 c5 2.Nf3 Nc6 3.d4 cxd4 4.Nxd4 Nf6 5.Nc3 d6 6.Bg5 e6 7.Qd2 Be7 8.O-O-O O-O
9.f4 h6 10.Bh4 e5 11.Nxc6 bxc6 12.fxe5 dxe5 13.Qxd8 Rxd8 14.Rxd8+ Bxd8 15.Bc4
Be6 16.Bxe6 fxe6 17.Bg3 Bc7 18.Rd1 Kf7 19.Kd2 Ke7 20.Ke2 Nd7 21.Nb1 Nb6 22.b3
g5 23.Nd2 Rg8 24.a4 Nd7 25.Nc4 h5 26.a5 Nc5 27.Bxe5 Bxe5 28.Nxe5 Nxe4 29.Nxc6+
Kf6 30.Ke3 Nc3 31.Rf1+ Kg7 32.Nxa7 h4 33.Nc6 Rc8 34.Nd4 e5 35.Nf5+ Kh7 36.Nd6
Rc6 37.Nc4 Nd5+ 38.Ke4 Nb4 39.c3 {#r} 1-0

[Event "Ch Czechoslovakia (corr.)"]
[Site "masterchessopen.com – corr."]
[Round "0"]
[White "Cermak Tomas (CZE)"]
[Black "Vondracek Milan (CZE)"]
[Result "0-1"]
[WhiteElo "1795"]
[BlackElo "2045"]

1.e4 c5 2.Nf3 d6 3.d4 cxd4 4.Nxd4 Nf6 5.Nc3 Nc6 6.Bg5 e6 7.Qd2 Be7 8.O-O-O O-O
9.f4 h6 10.Bh4 Bd7 11.Bxf6 Bxf6 12.Ndb5 Qa5 13.Qxd6 a6 14.e5 Nxe5 15.Na3 Rad8
16.Qd2 Bc6 17.Qe2 Rxd1+ 18.Nxd1 Ng6 19.Qe3 Nxf4 20.Rg1 Rd8 21.Qf2 Bg5 {#R} 0-1

[Event "?"]
[Site "masterchessopen.com – Torshavn (Faroe Islands)"]
[Round "0"]
[White "Thomsen Jakob Aabling (DEN)"]
[Black "Ziska Bogi (FAI)"]
[Result "0-1"]
[WhiteElo "2142"]
[BlackElo "2202"]

1.e4 c5 2.Nf3 Nc6 3.d4 cxd4 4.Nxd4 Nf6 5.Nc3 d6 6.Bg5 e6 7.Qd2 Be7 8.O-O-O O-O
9.f4 h6 10.Bh4 e5 11.Nf3 exf4 12.Qxf4 Qa5 13.Bf2 Be6 14.Kb1 Rac8 15.a3 b5
16.Nd5 b4 17.Bc4 Rfe8 18.Rd3 Bxd5 19.exd5 Ne5 20.Rd4 Rxc4 21.Rxc4 Nxd5 22.axb4
Qb5 23.Rc5 dxc5 24.Qxe5 Nxb4 25.Re1 Qc4 26.Re2 Qa2+ {#R} 0-1